00538nam a2200169 4500020002900000040001900029082001400048100002500062245008500087260004400172300003200216500002000248650002600268650003200294650001600326650002600342 a0201711591cTZS19862.5/= aMULbengeAACR a006.3 NEG aNegnevitsky, Michael aArtificial intelligence :ba guide to intelligent systemsc/ Michael Negnevitsky aLondon :bPearson Education Ltd.c2002. axiv, 394p. :bill. ;c24 cm aIncludes index  aIntelligent machines  aArtificial neural networks  aData mining aKnowledge engineering